| 000 | 01241cam a22003495a 4500 | ||
|---|---|---|---|
| 001 | 14208006 | ||
| 005 | 20150816135857.0 | ||
| 008 | 051222s2006 njuad f b 001 0 eng d | ||
| 010 | _a 2005037377 | ||
| 020 | _a0131345915 | ||
| 020 | _a9780131345911 | ||
| 035 | _a(OCoLC)ocm62741457 | ||
| 040 |
_aDLC _cDLC _dIG# _dVP@ _dEG-ScBUE _dBAKER _dDLC |
||
| 042 | _apcc | ||
| 050 | 0 | 0 |
_aQA76.73.C154 _bD455 2006 |
| 082 | 0 | 0 |
_a005.133 _bDEI _222 |
| 100 | 1 |
_aDeitel, Harvey M., _d1945- |
|
| 245 | 1 | 0 |
_aC# for programmers/ _cHarvey M. Deitel, Paul J. Deitel. |
| 250 | _a2nd ed. | ||
| 260 |
_aUpper Saddle River, NJ : _bPearson/Prentice Hall, _cc2006. |
||
| 300 |
_axxxvii, 1317 p. : _bill. ; _c23 cm. |
||
| 490 | 0 | _aDeitel developer series | |
| 500 | _aindex 1288-1317 | ||
| 504 | _aIncludes bibliographical references . | ||
| 650 | 0 |
_aCÄ (Computer program language) _2BUEsh |
|
| 651 | _2BUEsh | ||
| 653 |
_bCOMSCI _cAugust2015 |
||
| 655 |
_vtext book _933728 |
||
| 700 | 1 | _aDeitel, Paul J. | |
| 942 |
_2ddc _cBB |
||
| 999 |
_c10549 _d10549 |
||